<?xml version="1.0" encoding="UTF-8"?>
<marc:record xmlns:marc="http://www.loc.gov/MARC21/slim">
   <marc:leader>00000nam a2200000 a 4500</marc:leader>
   <marc:datafield ind1="1" ind2=" " tag="100">
      <marc:subfield code="a">Burnett, Frances Hodgson</marc:subfield>
      <marc:subfield code="4">aut</marc:subfield>
      <marc:subfield code="e">Verfasser/-in</marc:subfield>
   </marc:datafield>
   <marc:datafield ind1="1" ind2=" " tag="100">
      <marc:subfield code="a">Berben, Iris</marc:subfield>
      <marc:subfield code="4">stl</marc:subfield>
      <marc:subfield code="e">Erzähler/-in</marc:subfield>
   </marc:datafield>
   <marc:datafield ind1="0" ind2="0" tag="245">
      <marc:subfield code="a">Der Geheime Garten</marc:subfield>
   </marc:datafield>
   <marc:datafield ind1="0" ind2="0" tag="245">
      <marc:subfield code="c">Frances Hodgson Burnett</marc:subfield>
   </marc:datafield>
   <marc:datafield ind1=" " ind2="1" tag="264">
      <marc:subfield code="a">München</marc:subfield>
      <marc:subfield code="b">cbj audio</marc:subfield>
      <marc:subfield code="c">2020</marc:subfield>
   </marc:datafield>
   <marc:datafield ind1="1" ind2=" " tag="520">
      <marc:subfield code="a">Angaben aus der Verlagsmeldung

Der Geheime Garten The Secret Garden (Heinemann, London 1911) / von Frances Hodgson Burnett

Ein Klassiker der Kinderliteratur – mitreißend und gefühlvoll gelesen von Iris Berben

Nach dem Tod ihrer Eltern wird die verwöhnte Mary auf das abgelegene Landgut ihres Onkels geschickt. Das große Haus mit seinen zahlreichen verschlossenen Türen weckt bald ihre Neugier. Eines Tages findet sie den geheimen Zugang zu einem verwilderten Garten und beginnt ihn heimlich zu pflegen. Mary verändert sich, und auch ihr kränkelnder, tyrannischer Cousin Colin kann sich dem Bann des Gartens und dem Zauber der Freundschaft nicht verschließen …

Gekürzte Lesung mit Iris Berben
4 CDs, ca. 4h 40min

</marc:subfield>
   </marc:datafield>
   <marc:datafield ind1=" " ind2=" " tag="020">
      <marc:subfield code="a">9783837150438</marc:subfield>
      <marc:subfield code="9">9783837150438</marc:subfield>
   </marc:datafield>
   <marc:datafield ind1=" " ind2=" " tag="020">
      <marc:subfield code="a">3837150437</marc:subfield>
      <marc:subfield code="9">3837150437</marc:subfield>
   </marc:datafield>
   <marc:datafield ind1=" " ind2=" " tag="300">
      <marc:subfield code="a">4 CDs</marc:subfield>
   </marc:datafield>
</marc:record>
